| 000 | 00535nam a22001577a 4500 | ||
|---|---|---|---|
| 999 |
_c330721 _d330721 |
||
| 003 | NUST | ||
| 005 | 20170802095732.0 | ||
| 008 | 170719b xxu||||| |||| 00| 0 eng d | ||
| 040 | _cNUST | ||
| 082 | _a320.95491 | ||
| 245 | _aUnderstanding PAKISTAN: Democratic Governance Volume-II | ||
| 260 |
_aPakistan _bStrengthening Participatory Organization _c2014 |
||
| 300 | _a181p | ||
| 440 |
_v2 _93435 |
||
| 942 |
_2ddc _cBK |
||